| 000 | 01916nam a2200481Ii 4500 | ||
|---|---|---|---|
| 001 | DIGMONTE0085 | ||
| 003 | NyNyDIG | ||
| 006 | m o d | ||
| 008 | 150901s2007 sp o 000 f spa d | ||
| 007 | cr ||||||||||| | ||
| 020 | _z9788496831476 | ||
| 020 | _z8496831477 | ||
| 040 |
_aDGITA _beng _erda _epn _cDGITA |
||
| 041 | 1 |
_aspa _heng |
|
| 050 | 1 | 4 | _aPR3694.R6 eBook |
| 100 | 1 |
_aSmollett, T. _q(Tobias), _d1721-1771, _eauthor. |
|
| 240 | 1 | 0 |
_aAdventures of Roderick Random. _lSpanish _s(Llorach) |
| 245 | 1 | 4 |
_aLas aventuras de Roderick Random / _cTobias Smollett ; traducción de Carles Llorach. |
| 264 | 1 |
_a[Barcelona] : _bMontesinos, _c[2007] |
|
| 300 | _a1 online resource (480 pages) | ||
| 336 |
_atext _btxt _2rdacontent |
||
| 337 |
_acomputer _bc _2rdamedia |
||
| 338 |
_aonline resource _bcr _2rdacarrier |
||
| 588 | 0 | _aOnline resource; title from PDF title page (Digitalia, viewed September 23, 2015) | |
| 650 | 0 |
_aScots _zEngland _vFiction. |
|
| 650 | 0 |
_aRogues and vagabonds _vFiction. |
|
| 650 | 0 |
_aImpressment _vFiction. |
|
| 650 | 0 |
_aWarships _vFiction. |
|
| 650 | 0 |
_aSailors _vFiction. |
|
| 651 | 0 |
_aEngland _vFiction. |
|
| 655 | 7 |
_aPicaresque fiction _2lcgft |
|
| 655 | 7 |
_aAction and adventure fiction _2lcgft |
|
| 655 | 7 |
_aSea fiction. _2lcgft |
|
| 655 | 0 | _aElectronic books. | |
| 700 | 1 |
_aLlorach,Carles, _etranslator. |
|
| 700 | 1 |
_iTranslation of: _aSmollett, T. _q(Tobias), _d1721-1771. _tAdventures of Roderick Random. |
|
| 776 | 0 | 8 |
_iPrint version: _aSmollett, T. (Tobias), 1721-1771. _sAdventures of Roderick Random. Spanish (Llorach) _tAventuras de Roderick Random. _d[Barcelona] : Montesinos, [2007] _z9788496831476 |
| 791 | 2 |
_aDigitalia (Firm), _edistributor. |
|
| 793 | 0 |
_gDigitalia eBook Collection: _aEditorial Montesinos. |
|
| 856 | 4 | 0 |
_3Digitalia Hispánica _uhttps://www.digitaliapublishing.com/a/37114/ |
| 910 | _aPremium Collection: 2015 | ||
| 942 | _cRAA | ||
| 999 |
_c243380 _d243380 |
||